| 000 | 00594cam a2200229 4500 | ||
|---|---|---|---|
| 001 | 9936 | ||
| 005 | 20230410120753.0 | ||
| 008 | 060907s2004 sp spa | ||
| 020 | _a8466614648 | ||
| 035 | _9funglode10017 | ||
| 041 | _aspa | ||
| 050 | 1 | 4 |
_aHV 6433 _bB928v 2004 |
| 100 | 1 |
_aBueno, Gustavo, _d1924- |
|
| 245 | 1 | 3 |
_aLa vuelta a la caverna : _bterrorismo, guerra y globalización / _cGustavo Bueno |
| 260 |
_aBarcelona : _bEdiciones B, _c2004 |
||
| 300 | _a402 p. | ||
| 650 | 0 | _aTerrorism. | |
| 650 | 0 | _aWar. | |
| 650 | 4 | _aTerrorismo | |
| 650 | 4 | _aGuerra | |
| 942 |
_2lcc _cbk |
||
| 999 |
_c51536 _d51536 |
||